1282 1810 1873 1507 1077 1339 1166 1524 1031 1366 1451 1051 1003 1504 1090 1429 1068 1242 1439 1403 1507 1261 1663 1267 1005 1294 1780 1131 1831 1994 1374 1294 1660 1383 1285 1615 1529 1465 1662 1886 1366 1123 1525 1928 1891 1277 1344 1706 1108 1103 1875 1184 1594 1595 1382 1924 1661 1894 1301 1541 1743 1455 1390 1090 1249 1891 1912 1528 1726 1763 1605 1856 1732 1451 1571 1224 1810 1400 1841 1698 1685 1214 1664 1103 1867 1498 1552 1737 1103 1317 1179 1988 1221 1189 1879 1152 1475 1161 1110 BCNSPRNW ULIB Ver.6.0+V

เปลี่ยนเป็นภาษาไทย

Change to English
 แสดงรายละเอียดบรรณานุกรม
  กลับหน้าหลัก

Brief Record : Get Marc (ISO 2709) : E-mail record : QR code < ปิดหน้าต่าง
LEADER : 00000nam 2200000uu 4500
001    13399126094
003     ULIB
008    180605s2018||||th 000 0 tha d
020    ^a9780323461580
060    ^aWY150^bI24M^cVol.2
100    ^aDonna D. Ignatavicius, M.Linda Workman, Cherie R. Rebar.
245    ^aMedical-Surgical Nursing Concepts For Interprofessional Collaborative care Volume 2.
250    ^a9th ed
260    ^aLouis, Missouri :^bElsevier Limited,^c2018
300    ^a831 pages;^b30 cm
650    ^aMedical-Surgical Nursing
945    ^p5180^l0^i004112
999    ^aประนอม เกษจรัล
รายการนี้ยังไม่มีแท็ก
คุณยังไม่ได้ล็อกอิน คุณสามารถมีกิจกรรมร่วมกับเว็บไซต์ได้ แต่ต้องล็อกอินก่อน ::
  ล็อกอิน

รายการสื่อสารสนเทศ

ลำดับที่ ประเภท เลขเรียก/บาร์โค้ด สถานที่ สถานะ
1. วิทยาศาสตร์การแพทย์ และสุขภาพ
หนังสือสำรอง
สถานะ=หนังสือสำรอง
WY150 I24M Vol.2 ฉ.1 
  Barcode: 004112
ห้องสมุดวิทยาเขตสวรรค์ประชารักษ์
►หนังสือทั่วไป
บนชั้น

รายการใกล้เคียง
    ชื่อเรื่อง [Medical-Surgical Nursing Concepts For Interprofessional Collaborative care Volume 2.]

    ผู้แต่ง [Donna D. Ignatavicius, M.Linda Workman, Cherie R. Rebar.]

    หัวเรื่อง [Medical-Surgical Nursing]

BibComment


ยังไม่เคยถูกคอมเมนท์

คอมเมนท์ทรัพยากรรายการนี้
  คอมเมนท์: MedicalSurgical ..


 Copyright 2026. Bcnsprnw @Library